Սարդարապատ: (Record no. 68259)
[ view plain ]
| 000 -LEADER | |
|---|---|
| fixed length control field | 01168nam a22002297a 4500 |
| 003 - CONTROL NUMBER IDENTIFIER | |
| control field | SEM |
| 005 - DATE AND TIME OF LATEST TRANSACTION | |
| control field | 20220608074112.0 |
| 008 - FIXED-LENGTH DATA ELEMENTS--GENERAL INFORMATION | |
| fixed length control field | 180815b ||||| |||| 00| 0 arm d |
| 040 ## - CATALOGING SOURCE | |
| Original cataloging agency | SEM |
| Transcribing agency | SEM |
| 041 0# - LANGUAGE CODE | |
| Language code of text/sound track or separate title | arm. |
| 080 ## - UNIVERSAL DECIMAL CLASSIFICATION NUMBER | |
| Universal Decimal Classification number | 069.2(47.925)(026)/Ս-26 |
| 245 00 - TITLE STATEMENT | |
| Title | Սարդարապատ: |
| Remainder of title | Ուղեցույց: Սարդարապատի հերոսամարտի հուշահամալիր: Հայաստանի ազգագրության և ազատագրական պայքարի պատմության ազգային թանգարան: / |
| Statement of responsibility, etc. | Կազմ.` Ս. Մելիքյան; Լուսանկ.` Ս. Սեպետչյան, Վ. Հակոբյան; Խմբ.` Կ. Արիստակեսյան |
| 246 ## - VARYING FORM OF TITLE | |
| Title proper/short title | Sardarabad. |
| Remainder of title | Guide. |
| 260 ## - PUBLICATION, DISTRIBUTION, ETC. | |
| Place of publication, distribution, etc. | Երևան: |
| Name of publisher, distributor, etc. | «Տիգրան Մեծ», |
| Date of publication, distribution, etc. | 2008. |
| 300 ## - PHYSICAL DESCRIPTION | |
| Extent | 51 էջ; |
| Other physical details | նկ.; |
| Dimensions | 23 սմ |
| 650 ## - SUBJECT ADDED ENTRY--TOPICAL TERM | |
| Topical term or geographic name entry element | Սարդարապատ |
| General subdivision | հուշահամալիր |
| Form subdivision | ուղեցույց |
| 700 1# - ADDED ENTRY--PERSONAL NAME | |
| Personal name | Մելիքյան Սուսաննա |
| Relator term | կազմ. |
| Relationship | comp. |
| 700 1# - ADDED ENTRY--PERSONAL NAME | |
| Personal name | Արիստակեսյան Կարեն |
| Relator term | խմբ. |
| Relationship | edt. |
| 700 1# - ADDED ENTRY--PERSONAL NAME | |
| Personal name | Սեպետչյան Սամվել |
| Relator term | լուսանկ. |
| Relationship | photo. |
| 700 1# - ADDED ENTRY--PERSONAL NAME | |
| Personal name | Հակոբյան Վռամ |
| Relator term | լուսանկ. |
| Relationship | photo. |
| 942 ## - ADDED ENTRY ELEMENTS (KOHA) | |
| Source of classification or shelving scheme | Universal Decimal Classification |
| Koha item type | Գրքեր/Books |
| Withdrawn status | Lost status | Source of classification or shelving scheme | Damaged status | Not for loan | Collection code | Home library | Current library | Date acquired | Cost, normal purchase price | Inventory number | Total Checkouts | Full call number | Barcode | Date last seen | Price effective from | Koha item type | Public note |
|---|---|---|---|---|---|---|---|---|---|---|---|---|---|---|---|---|---|
| Universal Decimal Classification | Գրապահոց | Մայր Աթոռ Սուրբ Էջմիածին «Վաչե և Թամար Մանուկյան» Մատենադարան | Մայր Աթոռ Սուրբ Էջմիածին «Վաչե և Թամար Մանուկյան» Մատենադարան | 15/08/2018 | 2000.00 | 29260 | 069.2(47.925)(026)/Ս-26 | 29260 | 15/08/2018 | 15/08/2018 | Գրքեր/Books | Սպասարկվում է ընթերցասրահ | |||||
| Universal Decimal Classification | Գրապահոց | Մայր Աթոռ Սուրբ Էջմիածին «Վաչե և Թամար Մանուկյան» Մատենադարան | Մայր Աթոռ Սուրբ Էջմիածին «Վաչե և Թամար Մանուկյան» Մատենադարան | 20/08/2018 | 2000.00 | 29238 | 069.2(47.925)(026)/Ս-26 | 29238 | 20/08/2018 | 20/08/2018 | Գրքեր/Books | Սպասարկվում է 30 օր |